<?xml version="1.0" encoding="UTF-8"?>
<record
    xmlns:xsi="http://www.w3.org/2001/XMLSchema-instance"
    xsi:schemaLocation="http://www.loc.gov/MARC21/slim http://www.loc.gov/standards/marcxml/schema/MARC21slim.xsd"
    xmlns="http://www.loc.gov/MARC21/slim">

  <leader>01470nam a2200181 a 4500</leader>
  <datafield tag="020" ind1=" " ind2=" ">
    <subfield code="a">0131000659 (hardcover)</subfield>
  </datafield>
  <datafield tag="020" ind1=" " ind2=" ">
    <subfield code="a">9780131000650 (hardcover)</subfield>
  </datafield>
  <datafield tag="082" ind1=" " ind2=" ">
    <subfield code="a">540 TRO</subfield>
  </datafield>
  <datafield tag="100" ind1="1" ind2=" ">
    <subfield code="a">Tro, Nivaldo J.</subfield>
  </datafield>
  <datafield tag="245" ind1="1" ind2="0">
    <subfield code="a">Chemistry : A molecular approach</subfield>
  </datafield>
  <datafield tag="250" ind1=" " ind2=" ">
    <subfield code="a">1st ed.</subfield>
  </datafield>
  <datafield tag="260" ind1=" " ind2=" ">
    <subfield code="a">[S.l.] :</subfield>
    <subfield code="b">Prentice Hall,</subfield>
    <subfield code="c">2006.</subfield>
  </datafield>
  <datafield tag="300" ind1=" " ind2=" ">
    <subfield code="a">1081 p. ;</subfield>
  </datafield>
  <datafield tag="520" ind1=" " ind2=" ">
    <subfield code="a">For two-semester or three-quarter courses in General Chemistry. &#xA0; The author&#x2019;s goal in writing this book is to deliver the depth of coverage faculty want with the accessibility and clarity that students need for success.&#xA0; Nivaldo J. Tro&#x2019;s Chemistry: A Molecular Approach explains difficult chemical concepts in a concise and clear student-centered manner while also providing faculty with the flexibility to go more deeply into many key, often neglected topics, such as electron diffraction, molecular orbital theory, and free-energy changes under non-standard conditions.&#xA0; Chemistry is presented visually throughmulti-level images (macroscopic, molecular and symbolic representations), which helps students see the connections among the formulas (symbolic), the world around them (macroscopic), and the atoms and molecules that make up the world (molecular).&#xA0; Every aspect of this book focuses students on recognizing that the behavior of matter is based on the behavior of atoms and mol</subfield>
  </datafield>
  <datafield tag="650" ind1=" " ind2=" ">
    <subfield code="a">chemistry</subfield>
  </datafield>
  <datafield tag="856" ind1=" " ind2=" ">
    <subfield code="u">http://www.amazon.com/exec/obidos/ASIN/0131000659/chopacon</subfield>
  </datafield>
  <datafield tag="942" ind1=" " ind2=" ">
    <subfield code="c">BK</subfield>
  </datafield>
  <datafield tag="999" ind1=" " ind2=" ">
    <subfield code="c">1217</subfield>
    <subfield code="d">1217</subfield>
  </datafield>
  <datafield tag="952" ind1=" " ind2=" ">
    <subfield code="0">0</subfield>
    <subfield code="1">0</subfield>
    <subfield code="7">0</subfield>
    <subfield code="8">NFIC</subfield>
    <subfield code="a">IC</subfield>
    <subfield code="b">IC</subfield>
    <subfield code="c">GEN</subfield>
    <subfield code="d">2015-06-20</subfield>
    <subfield code="l">1</subfield>
    <subfield code="o">540 TRO</subfield>
    <subfield code="p">004611</subfield>
    <subfield code="r">2020-01-21 00:00:00</subfield>
    <subfield code="s">2019-11-08</subfield>
    <subfield code="w">2015-06-20</subfield>
    <subfield code="y">REF</subfield>
  </datafield>
</record>
